000 00268nam a2200109Ia 4500
008 190216s9999||||xx |||||||||||||| ||und||
100 _aMenon K P R
245 0 _aSamoohya Vikasanavum Panchayath Rajum
260 _bBhasha Institute
650 _aEconomics
942 _cBK
999 _c40424
_d40424